00819nam a2200253 a 4500999001500000003000900015005001700024008004100041020002700082020003000109040001000139100002100149245004300170250001200213260003900225300001900264500002700283650002200310650002600332700002500358856006400383942001200447952010600459 c1884d1884PK-NaQUE20251028102629.0251028b ||||| |||| 00| 0 eng d a0471626465 (paperback) a9780471626466 (paperback) cQUEST aSchwab, Glenn O.00aElementary Soil and Water Engineering. a2nd ed. a[S.l.] :bJohn Wiley and Sons Ltd, a1 v. (unpaged) aInternational Edition. aSoil conservation aHydraulic engineering aFrevert, Richard K. 40uhttp://10.10.170.122:8080/browse/book/28809yDownload eBook cBK2ddc 001040708REFaREFbREFd2014-05-08g318.15l0oSCH (Shelf - 81B)p17176r2014-05-08 00:00:00yBK